| 000 | 01101nmm a2200313 a 4500 | ||
|---|---|---|---|
| 001 | ocm0002347859 | ||
| 003 | TR-IsHL | ||
| 005 | 20201028190114.0 | ||
| 008 | 191225s2018 tu tur | ||
| 007 | cr cn | ||
| 020 | _a9786052118238 | ||
| 035 |
_a2347859 _b(N$T) |
||
| 050 | 0 | 4 |
_aQA76.9 _b.Ö98 2018 |
| 090 | 0 | 4 |
_aQA76.9 _b.Ö98 2018 |
| 100 | 1 | _aÖztürk, Serhat Deniz | |
| 245 | 1 | 0 |
_aUygulamalar ile QT _h[electronic resource] / _cSerhat Deniz Öztürk ; yayına hazırlık Hüseyin Üstünel |
| 250 | _a1. Baskı | ||
| 260 |
_aİstanbul : _bKODLAB Yayın Dağıtım, _c2018 |
||
| 300 | _a270 p. | ||
| 650 | 4 | _aMühendislik ve Teknoloji | |
| 650 | 4 | _aEngineering and Technology | |
| 650 | 0 |
_aBilgisayar Programlama _x Programlama Dilleri |
|
| 650 | 0 |
_aComputer Programming _x Programming Languages |
|
| 650 | 0 | _aQt (Elektronik kaynak) | |
| 650 | 0 | _aQt (Electronic resource) | |
| 650 | 7 |
_aCOMPUTERS / Programming / General _2bisacsh |
|
| 700 | 1 | _aÜstünel, Hüseyin | |
| 856 | 4 | 0 | _uhttp://search.ebscohost.com/login.aspx?direct=true&scope=site&db=e011xww&AN=2347859 |
| 999 |
_c21766 _d21766 |
||